000 00193 a2200097 4500
020 _a9781933032931
041 _aspa
100 _amary Pope Osborne
245 _aBuenos dias Gorila
942 _cBK
999 _c31035
_d31033